|
|
|
|
| LEADER |
00815nam a2200205 a 4500 |
| 001 |
GR-MES4045 |
| 008 |
991111s1997 gr 000 b gre d |
| 020 |
|
|
|a 9604056824
|
| 040 |
|
|
|a GrPaTEI
|b gre
|c GR-PaULI
|
| 245 |
0 |
0 |
|a Service.Βασική συντήρηση αυτοκινήτου :
|b βιβλίο συνεργείου.
|
| 260 |
|
|
|a Αθήνα :
|b Ιων,
|c 1997
|
| 300 |
|
|
|a 440σελ. :
|b εικ.
|
| 650 |
|
0 |
|a SERVICE
|
| 650 |
|
4 |
|a ΑΥΤΟΚΙΝΗΤΟ
|
| 700 |
1 |
|
|a Webster, Jay
|
| 700 |
1 |
|
|a Ρετζέπης, Πασχάλης Αθ.
|
| 942 |
|
|
|2 ddc
|
| 952 |
|
|
|0 0
|1 0
|2 ddc
|4 0
|6 629_287000000000000_WEB
|7 0
|9 268694
|a MSLG
|b MSLG
|c BSC
|d 2021-01-17
|e 24
|f 0
|g 0.00
|l 0
|o 629.287 WEB
|p 2420000006972
|r 2021-01-17 00:00:00
|t 1
|w 2021-01-17
|y BK15
|x 19991111 0 1
|x GrPaTEI
|
| 971 |
|
|
|a .b25750914
|b 15-04-20
|c 13-09-16
|
| 999 |
|
|
|c 154855
|d 154855
|